000 00393nam a2200145Ia 4500
008 230711s9999||||xx |||||||||||||| ||und||
041 _aENG
082 _a624
100 _aDavidson,Cynthia C
245 0 _aLegacies for the future : contemporary Architecture in Islamic societies
250 _a1st . Ed.
260 _c1998
_aNew Delhi
_bThames & Hudson
650 _aArchitecture
942 _cBK
999 _c4357
_d4357